Nezdaniteľné časti základu dane platné od 1. januára 2019

Daňovník si môže znížiť svoj zdaniteľný príjem o nezdaniteľné časti základu dane, ktoré upravuje zákon o dani z príjmov č. 595/2003 Z. z. v paragrafe 11. Nezdaniteľná časť základu dane je odpočítateľná položka, o ktorú si daňovník môže znížiť základ dane. Na praktických príkladoch je uvedený spôsob...

Descripción completa

Guardado en:
Detalles Bibliográficos
Autor principal: Paliderová, Martina
Formato: Capítulo de libro
Lenguaje:eslovaco
Materias:
Etiquetas: Agregar Etiqueta
Sin Etiquetas, Sea el primero en etiquetar este registro!

MARC

LEADER 00000naa a2200000 4500
001 0252886
005 20190405094156.7
041 0 |a slo 
044 |a SK 
245 1 0 |a Nezdaniteľné časti základu dane platné od 1. januára 2019  |c Martina Paliderová 
520 |a Daňovník si môže znížiť svoj zdaniteľný príjem o nezdaniteľné časti základu dane, ktoré upravuje zákon o dani z príjmov č. 595/2003 Z. z. v paragrafe 11. Nezdaniteľná časť základu dane je odpočítateľná položka, o ktorú si daňovník môže znížiť základ dane. Na praktických príkladoch je uvedený spôsob uplatnenia alebo výpočtu nezdaniteľných častí základu dane. 
610 2 0 |a dane z príjmov 
610 2 0 |a daňovníci 
610 2 0 |a základ dane 
610 2 0 |a zamestnanci 
610 2 0 |a živnostníci 
610 2 0 |a podnikatelia 
610 2 0 |a osoby samostatne zárobkovo činné 
610 2 0 |a legislatíva 
610 2 0 |a sporenie dôchodkové doplnkové 
610 2 0 |a liečenie kúpeľné 
100 1 |a Paliderová, Martina